Capacity functions /

Guardado en:
Autor Principal: Sario, Leo.
Otros Autores: Oikawa, Kotaro, 1928-
Formato: Libro
Idioma:English
Publicado: Berlin [etc.] : Springer, 1969.
Series:Die Grundlehren der mathematischen Wissenschaften in Einzeldarstellungen mit besonderer Berücksichtigung der Anwendungsgebiete ; Bd. 149
Etiquetas: Agregar Etiqueta
Sin Etiquetas, Sea el primero en etiquetar este registro!
LEADER 00663cam a22001815 4500
001 MAT.inmabb001797
008 691007s1969####gw#######b####001#0#eng#d
005 20160802130539.0
245 1 0 |a Capacity functions /  |c L. Sario, K. Oikawa. 
260 |a Berlin [etc.] :  |b Springer,  |c 1969. 
300 |a xvii, 361 p. ;  |c 24 cm. 
440 4 |a Die Grundlehren der mathematischen Wissenschaften in Einzeldarstellungen mit besonderer Berücksichtigung der Anwendungsgebiete ;  |v Bd. 149 
504 |a Bibliografía: p. [343]-354. 
510 4 |a MR,  |c 40 #7441 
100 1 |a Sario, Leo. 
700 1 |a Oikawa, Kotaro,  |d 1928- 
010 |a  69020300  
859 |h 30  |i Sa245c  |p A-3267  |b BIB. MATEMATICA